|
|
|
|
| LEADER |
00000nam0a2200000 4500 |
| 001 |
351495 |
| 005 |
20231102010417.0 |
| 035 |
|
|
|a (RuTPU)RU\TPU\retro\6544
|
| 090 |
|
|
|a 351495
|
| 100 |
|
|
|a 20190606d1966 m y0rusy50 ca
|
| 101 |
0 |
|
|a rus
|
| 102 |
|
|
|a RU
|
| 105 |
|
|
|a y j 000zy
|
| 200 |
1 |
|
|a Квантовая механика
|h Ч. 1
|e конспект лекций
|f Н. Н. Колесников
|g Московский государственный университет им. М. В. Ломоносова, Физический факультет
|
| 210 |
|
|
|a Москва
|c [Б. и.]
|d 1966
|
| 215 |
|
|
|a 160 с.
|
| 316 |
|
|
|5 63413507: КР-6580
|a На форзаце дарственная надпись : "Глубокоуважаемому Александру Акимовичу от автора. 4/II.1967 г."
|
| 317 |
|
|
|5 63413507: КР-6580
|a Поступил в НТБ в 1987 г. в дар от вдовы ученого Е. К. Завадовской
|
| 606 |
1 |
|
|a Квантовая механика
|2 stltpush
|3 (RuTPU)RU\TPU\subj\14211
|9 40667
|
| 610 |
1 |
|
|a физика
|
| 610 |
1 |
|
|a квантомеханические задачи
|
| 610 |
1 |
|
|a волновые функции
|
| 610 |
1 |
|
|a движение
|
| 610 |
1 |
|
|a математические методы
|
| 610 |
1 |
|
|a движение
|
| 610 |
1 |
|
|a разложение
|
| 610 |
1 |
|
|a симметрии
|
| 610 |
1 |
|
|a учебные пособия
|
| 610 |
1 |
|
|a библиотека А. А. Воробьева
|
| 675 |
|
|
|a 530.145.6(075.8)
|v 4
|
| 700 |
|
1 |
|a Колесников
|b Н. Н.
|
| 712 |
0 |
2 |
|a Московский государственный университет им. М. В. Ломоносова
|b Физический факультет
|2 stltpush
|3 (RuTPU)RU\TPU\col\7
|
| 801 |
|
1 |
|a RU
|b 63413507
|c 20190606
|
| 801 |
|
2 |
|a RU
|b 63413507
|c 20191031
|g RCR
|
| 942 |
|
|
|c BK
|